Ski-jumping Worldcup Winner - Statistics

General Stats
  • This quiz has been taken 144 times
  • The average score is 30 of 45
Answer Stats
Year Nationality Answer % Correct
2013/14 Poland Kamil Stoch
97%
2017/18 Poland Kamil Stoch
97%
2015/16 Slovenia Peter Prevc
95%
2016/17 Austria Stefan Kraft
94%
2019/20 Austria Stefan Kraft
94%
2022/24 Austria Stefan Kraft
94%
2018/19 Japan Ryoyu Kobayashi
93%
2021/22 Japan Ryoyu Kobayashi
93%
2009/10 Switzerland Simon Ammann
88%
2000/01 Poland Adam Malysz
86%
2001/02 Poland Adam Malysz
86%
2002/03 Poland Adam Malysz
86%
2006/07 Poland Adam Malysz
86%
2020/21 Norway Halvor Egner Granerud
85%
2022/23 Norway Halvor Egner Granerud
85%
2008/09 Austria Gregor Schlierenzauer
82%
2012/13 Austria Gregor Schlierenzauer
82%
2003/04 Finland Janne Ahonen
81%
2004/05 Finland Janne Ahonen
81%
2014/15 Germany Severin Freund
81%
2007/08 Austria Thomas Morgenstern
78%
2010/11 Austria Thomas Morgenstern
78%
2005/06 Czech Republic Jakub Janda
73%
1982/83 Finland Matti Nykänen
72%
1984/85 Finland Matti Nykänen
72%
1985/86 Finland Matti Nykänen
72%
1987/88 Finland Matti Nykänen
72%
1998/99 Germany Martin Schmitt
64%
1999/00 Germany Martin Schmitt
64%
1996/97 Slovenia Primoz Peterka
61%
1997/98 Slovenia Primoz Peterka
61%
2011/12 Norway Anders Bardal
58%
1992/93 Austria Andreas Goldberger
57%
1994/95 Austria Andreas Goldberger
57%
1995/96 Austria Andreas Goldberger
57%
1983/84 Germany Jens Weißflog
55%
1991/92 FInland Toni Nieminen
38%
1993/94 Norway Espen Bredesen
33%
1990/91 Austria Andreas Felder
30%
1988/89 Sweden Jan Böklov
29%
1980/81 Austria Armin Kogler
21%
1981/82 Austria Armin Kogler
21%
1979/80 Austria Hubert Neuper
21%
1989/90 Finland Ari-Pekka Nikola
18%
1986/87 Norway Vegard Opaas
13%
No matching quizzes found
Score Distribution
Percent of People with Each Score
Percentile by Number Answered
Your Score History
You have not taken this quiz